000 00206nam a22000857a 4500
008 170209b xxu||||| |||| 00| 0 eng d
100 _92829
_aRajaram.A.D
245 _aCub Hand Book
260 _aNew delhi
_bBS
_c2010
999 _c6047
_d6047